Les 10 équipes avec le moins de défaite cette saison EN CHAMPIONNAT - Statistiques

Statistiques générales
  • Ce quiz a été pris 182 fois
  • Le résultat moyen est 9 sur 10
Statistiques - réponses
Nombre de
défaites
Championnat Équipe % Correct
1 Liga Real Madrid
99%
2 Serie A Inter Milan
97%
3 Premier League Manchester City
96%
2 Ligue 1 Paris
96%
5 Premier League Arsenal
95%
0 Bundesliga Bayer Leverkusen
95%
5 Serie A Juventus
92%
4 Premier League Liverpool
92%
5 Liga Barcelone
89%
6 Serie A Bologne
59%
Aucun quiz correspondant
Distribution des résultats
% des personnes avec chaque résultat
Percentile par nombre de réponses
Votre historique - résultats
Vous n’avez pas pris ce quiz